Despreocupado pero no indiferente
محفوظ في:
| المؤلف الرئيسي: | |
|---|---|
| التنسيق: | كتاب |
| اللغة: | الإسبانية |
| منشور في: |
La Fábrica
2007
|
| الموضوعات: | |
| الوسوم: |
إضافة وسم
لا توجد وسوم, كن أول من يضع وسما على هذه التسجيلة!
|
MARC
| LEADER | 00000cam a2200000 a 4500 | ||
|---|---|---|---|
| 001 | UCF8571 | ||
| 003 | CL-VaPUC | ||
| 008 | 130916e20070000sp |||||||||||||||||spa|d | ||
| 020 | |a 9788496466807 | ||
| 082 | 0 | 4 | |a 770 |b RAY |2 21 |
| 100 | 0 | |a Ray, Man |e author |9 570671 | |
| 245 | 1 | 0 | |a Despreocupado pero no indiferente |
| 246 | 1 | 0 | |a Unconcerned but not indifferent |
| 300 | |a 389 p | ||
| 942 | |c BK | ||
| 945 | |d 20130916 10:38:00 |a dcastane | ||
| 260 | |b La Fábrica |c 2007 | ||
| 650 | 0 | |a Fotografía artística |9 269391 | |
| 650 | 0 | |a Fotógrafos estadounidenses |9 327724 | |
| 650 | 0 | |a Biografías |9 255210 | |
| 650 | 0 | |a Pinturas |9 347968 | |
| 583 | |a last modification |c 20130916 10:38:00 |k Rodrigo Vera | ||
| 999 | |c 353138 |d 353136 | ||
| 952 | |0 0 |1 0 |3 erd |4 0 |6 770_000000000000000_RAY_2007 |7 0 |8 R |9 458087 |a BIBART |b BIBART |d 2019-11-23 |i 5009200 |l 6 |o 770 RAY 2007 |p 5009200 |r 2025-03-13 |s 2023-06-07 |w 2019-11-23 |y BK_R |z Catalogado en:20130916 |k ART | ||
| 952 | |0 0 |1 0 |3 erd |4 0 |6 770_000000000000000_RAY_2007 |7 0 |8 A |9 458088 |a BIBHIS |b BIBHIS |i 5033527 |o 770 RAY 2007 |p 5033527 |r 2025-01-20 |w 2019-11-23 |y BK |z Catalogado en:20131213 |k HIS | ||